MARC

LEADER 00000nas a2200000 a 4500
001 ssj0000579294
003 WaSeSS
005 20200512172242.0
006 m d
007 cr n
008 830120d19812005li ar s 0 b0lit c
010 |a  88641284   |z sn 86016975  
016 7 |a 008891084  |2 Uk 
016 7 |a 008541416  |2 Uk 
022 |l 0132-3156  |y 0132-3156 
035 |a (WaSeSS)ssj0000579294 
040 |a GIS  |b eng  |c GIS  |d HUL  |d DLC  |d NSD  |d NST  |d CRL  |d LVB  |d UKMGB  |d WAU  |d OCL  |d OCLCF  |d OCLCQ  |d OCLCO  |d CUS  |d U3G  |d WaSeSS 
041 0 |a lit  |b eng  |b rus  |f eng  |b rus 
042 |a pcc 
050 0 0 |a G1  |b .G3135 
210 1 |a Geogr. metrast. 
222 0 |a Geografijos metrastis 
245 0 0 |a Geografijos metraštis  |h [electronic resource]. 
246 1 5 |a Geographical yearbook 
246 1 5 |6 880-01  |a Geograficheskiĭ ezhegodnik  |f <-1990> 
260 |a Vilnius :  |b Lietuvos TSR Mokslų akademija, Geografijos skyrius,  |c 1981- 
310 |a Annual 
362 0 |a 19- 
362 1 |a Ceased with 38, 2 (2005). 
500 |a Some issues also have a distinctive title. 
506 |a License restrictions may limit access. 
515 |a Publication suspended 1992-1993. 
515 |a Some v. published in combined form. 
546 |a In Lithuanian; summaries in English and Russian; table of contents in all three languages, 1981-<1990>; summaries and table of contents in English, <1994/1995-> 
550 |a Issued by: Geografijos skyrius, Lietuvos TSR Mokslų akademija, and: Lietuvos TSR Geografų draugija, 1981-1988; Lietuvos Mokslų akademija, Geografijos institutas: and Lietuvos Geografų draugija, 1989/1990- ; Geologijos ir geografigos institutas, and Lietuvos geografu̦ draugija, <2004>-2005. 
588 |a Latest issue consulted: 38, 2 (2005). 
650 0 |a Geography  |v Periodicals. 
650 0 |a Geology  |v Periodicals. 
650 6 |a Géographie physique  |z Lituanie. 
650 6 |a Géologie  |z Lituanie. 
650 7 |a Geography.  |2 fast  |0 (OCoLC)fst00940469 
650 7 |a Geology.  |2 fast  |0 (OCoLC)fst00940627 
655 0 |a Electronic journals. 
710 2 |a Lietuvos TSR Mokslų akademija.  |b Geografijos skyrius. 
710 2 |a Lietuvos TSR Geografų draugija. 
710 2 |a Geografijos institutas (Lietuvos Mokslų akademija) 
710 2 |a Lietuvos Geografų draugija. 
710 2 |a Geologijos ir geografijos institutas. 
780 0 0 |t Geografinis metraštis  |x 0072-0917  |w (DLC)sn 88013068  |w (OCoLC)2021981 
785 0 0 |t Annales geographicae  |x 1822-6701  |w (DLC) 2012252328  |w (OCoLC)767875157 
850 |a DLC  |a ICRL  |a ICU  |a MH  |a NN  |a PU  |a WyU 
856 4 0 |z Full text available from Research Library: 01/01/2009 to present  |u https://search.proquest.com/publication/54933 
880 1 5 |6 246-01/(N  |a Географический ежегодник  |f <-1990>